[Event "Karpov Trophy XVI 2018"]
[Site "Cap d/^Agde"]
[Date "2018.11.03"]
[Round "9"]
[White "Onischuk, Vladimir"]
[Black "Palac, Mladen"]
[Result "0-1"]
[WhiteElo "2623"]
[BlackElo "2548"]
[Annotator "TA"]
[PlyCount "74"]
[EventDate "2018.10.27"]
[EventCountry "FRA"]
[SourceTitle "playchess.com"]
[Source "ChessBase"]
[SourceQuality "1"]

{[%evp 9,74,0,19,-33,-29,-41,-20,-42,-11,-12,0,0,0,0,14,-29,-36,-55,-36,-68,-75,-68,-67,-114,-101,-120,-120,-140,-73,-81,-79,-86,-73,-148,-149,-152,-143,-144,-132,-143,-137,-108,-120,-163,-164,-165,-165,-193,-200,-188,-190,-197,-132,-416,-414,-397,-405,-614,-625,-621,-608,-573,-582,-874,-656,-1203,-503]} 1. e4 c5 2. g3 Nc6 3. Bg2 g6 4. f4 Bg7 5. Nf3 d6 {LiveBook: 142 Games} 6. h3 {B21: Sicilian: 2 f4 and Morra Gambit} (6. O-O $11) 6... e5 $15 7. d3 Nge7 8. O-O {The position is equal.} O-O 9. c3 Kh8 $146 ({Predecessor:} 9... b6 10. Be3 exf4 11. Bxf4 Ne5 12. Na3 Ba6 13. Ne1 Qd7 {0-1 (25) Wawrinsky,L (1944)-Luther,T (2594) Boeblingen 2006}) 10. Na3 Rb8 11. Be3 exf4 12. gxf4 f5 13. Nc2 b6 14. h4 fxe4 15. dxe4 d5 16. exd5 Nxd5 17. Ng5 Nce7 18. Qe2 Bf5 (18... h6 $142 $1 {[%cal Rh6g5]} 19. Ne4 Qc7) 19. Rae1 $17 h6 20. Ne4 Qd7 21. Na3 (21. Bc1 $142) 21... Bg4 $36 {[%mdl 2048] Black is on the roll.} 22. Qf2 Nxe3 23. Qxe3 Nf5 {[%cal Be7f5,Bf5h4,Bh4g2][%mdl 32]} 24. Qf2 Qd8 25. Nc4 {Ne5 would now be nice for White.} Nxh4 26. Qg3 Nxg2 27. Kxg2 {[#]} Bf5 $1 {And now ...Qd5 would win.} 28. Ned6 {[#]} b5 $1 {[%cal Rb5c4]} 29. Nxf5 gxf5 30. Rd1 Qc7 ({Black should play} 30... Qe7 $19 31. Ne3 Rg8) 31. Nd6 $2 {[%mdl 8192]} (31. Ne3 $17 {was worth a try.}) 31... Rf6 $19 32. Qd3 Qd7 33. Qd5 (33. Nxb5 $142 Qc6+ 34. Kh3) 33... Rd8 {Black is clearly winning.} 34. Qxc5 {Hoping for Nf7+!} Rxd6 35. Rxd6 Qxd6 36. Qxf5 b4 37. cxb4 Bxb2 {Precision: White = 24%, Black = 71%.} (37... Qc6+ $142 38. Kh3 Bxb2) 0-1

[Event "Karpov Trophy XVI 2018"]
[Site "Cap d/^Agde"]
[Date "2018.11.03"]
[Round "9"]
[White "Fedorchuk, Sergey A."]
[Black "Khademalsharieh, Sarasadat"]
[Result "0-1"]
[WhiteElo "2607"]
[BlackElo "2431"]
[Annotator "TA"]
[PlyCount "130"]
[EventDate "2018.10.27"]
[EventCountry "FRA"]
[SourceTitle "playchess.com"]
[Source "ChessBase"]
[SourceQuality "1"]

{[%evp 28,130,-3,0,0,0,6,0,0,0,0,-14,0,0,0,0,0,-6,17,0,14,12,0,6,11,14,25,18,46,16,6,0,33,22,43,35,76,77,85,65,80,52,48,42,44,7,8,0,0,-102,-73,-321,-293,-282,-262,-256,-270,-469,-470,-468,-450,-452,-464,-464,-441,-453,-440,-444,-452,-481,-484,-546,-557,-724,-723,-715,-701,-787,-762,-2085,-1852,-2156,-2156,-2156,-2156,-2156,-2156,-2156,-2149,-2045,-1916,-2149,-2147,-2020,-1998,-2004,-1660,-2123,-1213,-5122,-5122,-6095,-5762,-29980,-29981]} 1. e4 e5 2. Nf3 Nc6 3. Bb5 a6 4. Ba4 Nf6 5. O-O b5 6. Bb3 Bb7 7. d3 Be7 8. Re1 O-O 9. Nbd2 d6 10. a3 Qd7 {C88: Spanische Partie (Geschlossenes System)} 11. Nf1 Nd8 (11... Rae8 12. Ng3 Bd8 13. c3 Ne7 14. d4 exd4 15. cxd4 Ng6 16. Bc2 c5 17. d5 Ng4 18. h3 {1-0 (43) Wang,H (2707)-Tabatabaei,M (2605) Sharjah 2018}) 12. Ng3 Ne6 13. c3 c5 14. Ba2 Rfe8 15. h3 {LiveBook: 3 Partien} Qc7 16. Ng5 $146 ({Vorgänger:} 16. Qe2 h6 17. Nf5 Bf8 18. Nh2 h5 19. Bxe6 Rxe6 {½-½ (29) Razumichin,A (2235)-Leskiv,M ICCF email 2011}) 16... c4 17. Nxe6 fxe6 18. Bg5 Nd7 19. Qg4 Bxg5 20. Qxg5 Nb6 21. Rad1 Rad8 22. Re3 Qe7 23. Qg4 Rf8 24. Qe2 {[%cal Rd3c4]} Rc8 25. Rf3 Rxf3 26. Qxf3 Rf8 27. Qe2 {[%cal Rd3c4]} Qc7 28. Qe3 d5 29. Re1 {[#]} d4 $1 {[%mdl 512]} 30. Qd2 (30. cxd4 exd4) 30... Rd8 31. Rc1 $1 dxc3 32. Qxc3 {[%cal Rd3c4]} Rd4 33. dxc4 bxc4 34. f3 Qd6 35. Kh2 Bc6 $1 {[%cal Bb7c6,Bc6b5,Bb5a4][%mdl 32]} 36. Qe3 Bb5 37. Rc2 h6 38. Qf2 (38. Nf1 $11 {hält das Gleichgewicht.}) 38... Ba4 39. Re2 $2 (39. Rc1 $17) 39... Bd1 $19 40. Re1 Rd2 41. Qf1 Qd4 42. Ne2 $2 (42. Kh1 {ist eine bessere Verteidigung.}) 42... Bxe2 43. Rxe2 Qd3 44. Rf2 Qxf1 45. Rxf1 Rxb2 {[%mdl 4096] Endspiel KTL-KTS} 46. Bb1 Kf7 47. Kg3 Ke7 48. Rd1 a5 49. h4 a4 50. Rg1 Rb3 51. Bc2 Rxa3 52. Rb1 {[#]} Rb3 $1 53. Bxb3 cxb3 {KT-KS} 54. Kf2 Nc4 55. Ke2 b2 56. Kd3 a3 57. Kxc4 {KT-KB} a2 58. Rxb2 a1=Q {KD-KT} 59. Rd2 Qe1 60. Kd3 Kf6 61. Re2 Qxh4 62. Ke3 Qg3 63. Rc2 h5 64. Re2 g5 {[%cal Bg7g5,Bg5g4][%mdl 32]} 65. Rc2 g4 {Precision: Weiß = 35%, Schwarz = 77%.} 0-1

[Event "Karpov Trophy XVI 2018"]
[Site "Cap d/^Agde"]
[Date "2018.11.03"]
[Round "9"]
[White "Sumets, Andrey"]
[Black "Bellahcene, Bilel"]
[Result "0-1"]
[WhiteElo "2575"]
[BlackElo "2502"]
[Annotator "TA"]
[PlyCount "80"]
[EventDate "2018.10.27"]
[EventCountry "FRA"]
[SourceTitle "playchess.com"]
[Source "ChessBase"]
[SourceQuality "1"]

{[%evp 13,80,0,7,0,22,5,19,0,24,25,35,31,27,0,25,24,10,0,-6,-14,0,-12,8,5,33,0,85,14,18,22,39,36,29,19,27,15,25,16,20,15,20,18,26,23,44,5,14,-45,-35,-29,-33,-237,-237,-481,-479,-458,-478,-443,-429,-887,-556,-549,-395,-424,-360,-992,-982,-1342,-1253]} 1. Nf3 Nf6 2. d4 e6 3. g3 d5 4. Bg2 b5 5. O-O Be7 6. Ne5 {A46: 1 d4 Nf6 2 Nf3 e6: Torre, London and Colle Systems} (6. Qd3 O-O 7. Bg5 c6 8. Nbd2 a5 9. e4 Ba6 10. Rfe1 h6 11. Bxf6 Bxf6 12. c3 b4 13. c4 dxc4 14. Nxc4 {½-½ (52) Vachier Lagrave,M (2789)-Meier,G (2648) Karlsruhe/Baden-Baden 2018}) 6... O-O 7. Nd2 c5 {LiveBook: 11 Games} 8. a4 $146 {The position is equal.} ({Predecessor:} 8. dxc5 Bxc5 9. e4 Bb7 10. Nd3 Bb6 11. e5 Nfd7 12. Nf3 Nc6 13. Bg5 Qc7 {1-0 (48) Sevian,S (2613)-Checa,N (2481) Chicago 2018}) 8... bxa4 9. dxc5 Bxc5 10. Rxa4 Nbd7 11. Nd3 Bd6 12. e4 Bb7 13. Re1 {e5 is the strong threat.} Qc7 (13... Nb6 {looks sharper.} 14. Ra5 Nbd7 15. Ra1 Qc7 16. exd5 Bxd5 17. Bxd5 Nxd5 18. Ne4 Be7) 14. exd5 {aiming for Rc4.} Bxd5 15. Ne4 Nxe4 16. Bxe4 Bxe4 17. Raxe4 Rfe8 18. b3 e5 19. Bb2 Re6 (19... Rad8 $11) 20. Qe2 (20. Nf4 $16 Rh6 21. Nd5) 20... Rae8 $11 21. Rc4 Qd8 22. Ra4 Nf6 23. Rd1 {Strongly threatening Nc5!} Qb8 24. Qe3 e4 25. Nf4 Ng4 26. Qe2 Bxf4 27. Qxg4 {[%csl Gb2][%cal Rg4g7]} Bh6 {[%cal Bf4h6,Bh6f8,Bf8c5][%mdl 32]} 28. Re1 {[%cal Ra4e4]} e3 29. f4 e2 30. Rd4 ({Better is} 30. Qf3 $11) 30... g6 $15 {White must now prevent ...Qb6.} 31. Rd2 $1 {[%cal Re1e2]} Bf8 $36 {[%mdl 2048] Hoping for ...Bb4. Black is more active.} 32. Be5 $2 {[#]} (32. Bd4 $1 $15) 32... Qb7 $1 $19 33. Kf2 $2 (33. h4) 33... Bc5+ 34. Bd4 Qb4 35. Bxc5 Qxd2 36. c4 (36. Qf3 $142) 36... a5 {[%cal Ba7a5,Ba5a4][%mdl 32]} 37. Qf3 Qb2 38. Qd3 Re4 39. Bb6 $2 {[#]} (39. Kg2) 39... a4 $1 40. c5 (40. bxa4 Qxb6+) 40... Qxb3 {Precision: White = 28%, Black = 67%.} 0-1

[Event "Karpov Trophy XVI 2018"]
[Site "Cap d/^Agde"]
[Date "2018.11.03"]
[Round "9"]
[White "Kollars, Dmitrij"]
[Black "Gozzoli, Yannick"]
[Result "1/2-1/2"]
[WhiteElo "2542"]
[BlackElo "2612"]
[Annotator "TA"]
[PlyCount "36"]
[EventDate "2018.10.27"]
[EventCountry "FRA"]
[SourceTitle "playchess.com"]
[Source "ChessBase"]
[SourceQuality "1"]

{[%evp 26,36,23,23,33,14,24,15,18,15,45,7,19]} 1. e4 e5 2. Nf3 Nc6 3. Bb5 a6 4. Ba4 Nf6 5. O-O Be7 6. d3 d6 7. c3 O-O 8. Nbd2 Re8 9. Re1 Bf8 10. Nf1 h6 11. Ng3 b5 {C77: Ruy Lopez: 3...a6 4 Ba4 Nf6, unusual lines} 12. Bc2 d5 13. exd5 Nxd5 14. Bd2 {[#] LiveBook: 4 Games} Nf6 $146 ({Predecessor:} 14... Bb7 15. b4 Qd7 16. Ne4 Rad8 17. Bb3 Kh8 18. Nh4 Nf4 19. d4 {½-½ (53) Sethuraman,S (2623)-Bruzon Batista,L (2691) Tsaghkadzor 2015}) 15. a4 {[#] Threatens to win with axb5.} b4 16. a5 Rb8 17. Ba4 Bd7 18. Qc2 (18. Bxc6 $5 bxc3 19. bxc3 Bxc6 20. Nxe5 $14) 18... Bd6 1/2-1/2

[Event "Karpov Trophy XVI 2018"]
[Site "Cap d/^Agde"]
[Date "2018.11.03"]
[Round "9"]
[White "Vaisser, Anatoli"]
[Black "Moussard, Jules"]
[Result "0-1"]
[WhiteElo "2504"]
[BlackElo "2579"]
[Annotator "TA"]
[PlyCount "168"]
[EventDate "2018.10.27"]
[EventCountry "FRA"]
[SourceTitle "playchess.com"]
[Source "ChessBase"]
[SourceQuality "1"]

{[%evp 16,168,4,0,0,0,0,0,0,0,0,0,0,-3,-9,-12,-16,-14,-15,-12,-11,-38,-24,-62,-50,-76,-70,-77,-70,-87,-87,-91,-61,-61,-68,-56,-16,-39,-6,-25,-31,-111,-71,-158,0,-111,-111,-111,-111,-111,-111,-111,-97,-114,0,0,0,0,0,-26,0,-110,-95,-114,-111,-103,-101,-114,-113,-99,-110,-101,-93,-131,-129,-121,-129,-123,-124,-237,0,0,0,-69,0,-69,0,0,0,0,0,-26,-25,-15,-16,-102,-102,-380,-76,-103,0,0,0,0,0,0,0,0,-2,-192,-191,-191,-191,-12833,-786,-458,-295,-12846,-12847,-12848,-12848,-12849,-12849,-12850,-12849,-12850,-12850,-12850,-12851,-12851,-12851,-12851,-12851,-12851,-12851,-12851,-12851,-12851,-12851,-12851,-12851,-12851,-12851,-12851,-12851,-12851,-12851,-12851,-29978,-12851,-29956,-12851,-29986,-29986,-29987]} 1. b3 d5 2. Bb2 Nf6 3. e3 Bg4 4. Be2 Bxe2 5. Qxe2 Nbd7 6. f4 {A01: Nimzowitsch-Larsen Opening} e6 7. Nf3 Bd6 8. d3 c6 9. Ne5 {LiveBook: 5 Games} Qa5+ (9... Qc7 10. Nxd7 Qxd7 {½-½ (32) Michalik,P (2571)-Cyborowski,L (2512) Czechia 2014}) 10. Nd2 Ba3 11. Bxa3 Qxa3 12. Ndf3 O-O 13. O-O a5 $146 ({Predecessor:} 13... Qe7 14. a4 a5 15. Rae1 {½-½ (15) Fries Nielsen,N (2390)-Matthiesen,M (2300) Denmark 2000}) 14. g4 {Threatening g5.} Qe7 15. a4 Nxe5 16. Nxe5 Nd7 17. Nxd7 Qxd7 18. f5 exf5 19. gxf5 f6 20. Rf4 Rfe8 {[%cal Bf8e8,Be8e5,Be5e7][%mdl 32]} 21. Raf1 Re5 22. d4 Re7 23. Rh4 Rae8 {[%cal Ba8e8,Be8e4,Be4g4][%mdl 32]} 24. Qh5 h6 25. Qg6 Kf8 (25... Kh8 $5 {[%cal Re7e3]} 26. Rf3 Rxe3 27. Rxe3 Rxe3 28. Rxh6+ gxh6 29. Qxh6+ Qh7 30. Qxe3 Qxf5 $11) 26. Qh7 $1 Re4 27. Rxe4 Rxe4 $11 {[%mdl 4096] Endgame KQR-KQR} 28. Rf3 (28. Rf2 $15 Qf7 29. Qh8+ Qg8 30. Qxg8+ Kxg8 31. Re2) 28... Rg4+ $17 29. Kf2 {[#]} (29. Rg3 $142 Rxg3+ 30. hxg3) 29... Qc7 $2 (29... c5 $1 $17 {[%mdl 512]} 30. Rf4 (30. dxc5 d4) 30... Rxf4+ 31. exf4 cxd4) 30. Rg3 (30. Rh3 $1 $11) 30... Rxg3 31. hxg3 {KQ-KQ} c5 $1 {[%cal Rc5d4] Threatens to win with ...cxd4.} 32. c3 cxd4 $1 33. cxd4 Qc2+ 34. Kf3 Qd1+ (34... Qxb3 $6 35. Qh8+ Kf7 36. Qc8 $11) ({Better is} 34... b6 $17) 35. Kf2 $1 $11 Qd2+ (35... Qxb3 $5 36. Qh8+ $8 Kf7 $11) 36. Kf3 Qd1+ 37. Kf2 $1 Qc2+ (37... Qxb3 $11 38. Qh8+ Kf7) 38. Kf3 $17 Qe4+ ({Don't play} 38... Qxb3 $6 39. Qh8+ Kf7 40. Qc8 $11) 39. Kf2 Kf7 $1 40. Qg6+ Kg8 $1 41. g4 b6 42. Qh5 Qc2+ 43. Kf3 Kf8 ({Much weaker is} 43... Qxb3 $6 44. Qe8+ Kh7 45. Qg6+ Kh8 46. Qe8+ Kh7 47. Qg6+ Kh8 48. Qe8+ Kh7 $11) 44. Qh3 Qd1+ 45. Kf2 Qxb3 46. Qg3 Qc2+ ({Don't do} 46... Qxa4 47. Qd6+ Kg8 48. Qxd5+ Kh7 49. Qe6 $15) 47. Kf1 (47. Kf3 $17) 47... Qc6 $2 (47... Kg8 $1 $19 {...Kh7 is the strong threat.} 48. Qf3 Qb3) 48. Qb8+ $15 Kf7 49. Kf2 Qc2+ (49... Qxa4 $15 50. Qb7+ Kg8 51. Qxd5+ Kh7) 50. Kf3 ({White should try} 50. Kg3 $11) 50... Qe4+ (50... Qxa4 $15 51. Qb7+ Kg8 52. Qxd5+ Kh7) 51. Kf2 $11 h5 52. Qb7+ Kg8 {Strongly threatening ...h4.} 53. Qc8+ Kh7 54. gxh5 Qh4+ 55. Kg2 (55. Ke2 $11 {keeps the balance.}) 55... Qxh5 $17 56. Qe6 $2 {[%mdl 8192] [#]} (56. Kf2 $17) 56... Qe2+ $2 (56... b5 $1 $19 {[%mdl 512] Hoping for ...b4.} 57. axb5 Qe2+ 58. Kg3 Qxb5) 57. Kg3 Kh6 ({Black should play} 57... Qe1+ $1 $17 58. Kg2 Qc1) 58. Qe8 $1 $11 {[%csl Gf5][%cal Re8g6]} Qh5 59. Qh8+ Kg5 60. Qxg7+ Kxf5 {aiming for ...Qg5+.} 61. Qd7+ Ke4 62. Qe6+ $2 (62. Qe7+ $1 $11 {and White stays safe.} Kd3 63. Qxf6) 62... Kd3 $19 63. Qxf6 {[#]} Qe2 $1 {[%cal Re2e3]} 64. Qxb6 $2 (64. Qf5+ Kxe3 65. Qe6+ Kd3 66. Qxb6) 64... Qxe3+ 65. Kg2 {[#]} Qd2+ $1 66. Kf3 $2 (66. Kg3) 66... Qd1+ 67. Kf4 Qxa4 68. Ke5 Qe8+ 69. Kf6 a4 70. Qc5 Qh8+ 71. Ke6 Qxd4 72. Qa3+ Ke4 73. Qg3 Qb6+ 74. Kd7 Qb7+ 75. Ke6 Qa6+ 76. Kd7 Qc4 77. Kd6 d4 {( -> ...Qd5+)} 78. Qg2+ Kd3 79. Qf1+ Kc3 80. Qe1+ Kc2 81. Qf2+ Kb3 82. Qg1 Qc3 (82... a3 $19 83. Qd1+ Kb4 84. Qd2+ Kb5 85. Qg5+ Ka4) 83. Kd5 d3 84. Qb1+ Ka3 {Precision: White = 35%, Black = 65%.} 0-1

[Event "Karpov Trophy XVI 2018"]
[Site "Cap d/^Agde"]
[Date "2018.11.03"]
[Round "9"]
[White "Jehan, Julien"]
[Black "Jarreton, Herve"]
[Result "1-0"]
[WhiteElo "1991"]
[BlackElo "1950"]
[Annotator "NA"]
[PlyCount "137"]
[EventDate "2018.10.27"]
[EventCountry "FRA"]
[SourceTitle "playchess.com"]
[Source "ChessBase"]
[SourceQuality "1"]
[TimeControl "5400+30"]

1. d4 {[%emt 0:00:00]} d5 {[%emt 0:00:00]} 2. Nf3 {[%emt 0:00:00]} Nf6 {[%emt 0:00:00]} 3. c4 {[%emt 0:00:41]} c6 {[%emt 0:00:29]} 4. Nbd2 {[%emt 0:00:20]} Bf5 {[%emt 0:05:13]} 5. Nh4 {[%emt 0:00:09] D11: Slav Defence: 3 Nf3 sidelines and 3...Nf6 4 e3 Bg4} (5. Qb3 Qb6 6. Nh4 Be4 7. e3 e6 8. Be2 Be7 9. Nxe4 dxe4 10. g3 c5 11. Bd2 cxd4 12. exd4 Nc6 13. Bc3 O-O-O {1-0 (49) Mamedyarov,S (2808)-So,W (2778) Leuven 2018}) 5... Be6 {[%emt 0:02:43]} 6. e3 {[%emt 0:09:03] LiveBook: 76 Games} Qa5 $146 {[%emt 0:08:06]} ({Predecessor:} 6... g6 7. b3 Bg7 8. Bb2 O-O 9. Be2 Ne4 10. O-O c5 11. Nxe4 dxe4 12. Qc2 f5 {0-1 (54) Svane,R (2595)-Van Foreest,J (2609) Germany 2017}) 7. Qb3 {[%emt 0:03:39]} Nbd7 $2 {[%emt 0:06:29]} (7... b6 $11) 8. Qc3 $2 {[%emt 0:06:57]} (8. Qxb7 $18 Rb8 9. Qxc6) 8... Qxc3 {[%emt 0:03:22]} 9. bxc3 {[%emt 0:00:02]} dxc4 {[%emt 0:00:16]} 10. Bxc4 {[%emt 0:05:17]} Bxc4 {[%emt 0:02:26]} 11. Nxc4 {[%emt 0:00:07]} e6 {[%emt 0:05:42]} 12. Nf3 {[%emt 0:09:49]} Ne4 {[%emt 0:03:28]} 13. Bd2 {[%emt 0:06:23]} f6 {[%emt 0:03:15]} 14. Ke2 {[%emt 0:05:22]} O-O-O {[%emt 0:01:45]} 15. Rhb1 {[%emt 0:03:15]} Kc7 {[%emt 0:07:25]} 16. a4 {[%emt 0:01:24]} g5 {[%emt 0:05:30]} 17. Rb3 $11 {[%emt 0:01:37]} g4 {[%emt 0:09:49]} 18. Ne1 {[%emt 0:01:10]} e5 {[%emt 0:02:16]} 19. Nd3 {[%emt 0:02:07]} exd4 {[%emt 0:00:33]} 20. cxd4 {[%emt 0:00:40]} Nxd2 {[%emt 0:01:02]} 21. Nxd2 {[%emt 0:01:20]} Rg8 {[%emt 0:10:36]} 22. Rab1 {[%emt 0:02:29]} b6 {[%emt 0:00:08]} 23. Rc1 {[%emt 0:04:51]} Nb8 {[%emt 0:03:52]} 24. Nf4 {[%emt 0:01:50]} Kb7 {[%emt 0:01:24]} 25. Ne4 {[%emt 0:01:31]} Be7 {[%emt 0:00:58]} 26. a5 {[%emt 0:06:40]} f5 {[%emt 0:02:04]} 27. Ng3 {[%emt 0:02:39]} Bd6 {[%emt 0:00:17]} 28. Nd3 {[%emt 0:04:42]} Bxg3 {[%emt 0:00:33]} 29. hxg3 {[%emt 0:00:22]} Rd5 {[%emt 0:01:03]} 30. axb6 {[%emt 0:03:19]} axb6 {[%emt 0:00:07]} 31. Ra1 {[%emt 0:01:44]} Nd7 {[%emt 0:04:56]} 32. Rba3 {[%emt 0:00:54]} Rb8 {[%emt 0:01:56]} 33. Ra7+ {[%emt 0:01:26]} Kc8 {[%emt 0:00:01]} 34. Rc1 {[%emt 0:02:08]} c5 {[%emt 0:00:50]} 35. Nb4 {[%emt 0:03:37]} Rd6 {[%emt 0:00:09]} 36. Na6 {[%emt 0:00:41]} Rb7 {[%emt 0:00:51]} 37. Ra8+ {[%emt 0:00:25]} Nb8 {[%emt 0:00:08]} 38. dxc5 {[%emt 0:02:37]} Rc6 {[%emt 0:00:01]} 39. Rh1 {[%emt 0:02:23]} bxc5 {[%emt 0:00:08]} 40. Rxb8+ {[%emt 0:01:40]} Rxb8 {[%emt 0:00:07]} 41. Nxb8 {[%emt 0:00:03]} Kxb8 {[%emt 0:00:06]} 42. Rxh7 {[%emt 0:00:38]} Rd6 {[%emt 0:02:23]} 43. Rh5 {[%emt 0:03:36]} Rd5 {[%emt 0:00:18]} 44. e4 {[%emt 0:01:03]} Rd4 {[%emt 0:01:34]} 45. Rxf5 {[%emt 0:01:08]} Rxe4+ {[%emt 0:00:55]} 46. Kd3 {[%emt 0:00:18]} Rd4+ {[%emt 0:01:41]} 47. Kc3 {[%emt 0:00:04]} Ra4 {[%emt 0:00:44]} 48. Rxc5 {[%emt 0:00:28]} Ra2 {[%emt 0:00:05]} 49. Rf5 {[%emt 0:00:14]} Kc7 {[%emt 0:00:04]} 50. Kd4 {[%emt 0:00:16]} Kd6 {[%emt 0:00:03]} 51. Ke3 {[%emt 0:00:59]} Ke6 {[%emt 0:00:12]} 52. Rb5 {[%emt 0:00:49]} Kf6 {[%emt 0:00:34]} 53. Rd5 {[%emt 0:00:57]} Rb2 {[%emt 0:00:46]} 54. Rd3 {[%emt 0:00:16]} Ra2 {[%emt 0:00:26]} 55. Rb3 {[%emt 0:00:06]} Rc2 {[%emt 0:00:24]} 56. Rb4 {[%emt 0:00:59]} Kg5 {[%emt 0:00:13]} 57. f4+ {[%emt 0:00:27]} Kf6 {[%emt 0:00:18]} 58. Rb6+ {[%emt 0:00:11]} Kf7 {[%emt 0:00:10]} 59. f5 {[%emt 0:00:45]} Rc4 {[%emt 0:01:06]} 60. Re6 {[%emt 0:00:19]} Ra4 {[%emt 0:03:24]} 61. Re4 {[%emt 0:00:14]} Ra2 {[%emt 0:01:31]} 62. Kf4 {[%emt 0:00:21]} Rxg2 {[%emt 0:01:18]} 63. Kxg4 {[%emt 0:00:08]} Rf2 {[%emt 0:00:12]} 64. Kg5 {[%emt 0:00:13]} Rg2 {[%emt 0:00:19]} 65. g4 {[%emt 0:00:06]} Rh2 {[%emt 0:00:04]} 66. Ra4 {[%emt 0:00:10]} Kg7 {[%emt 0:00:10]} 67. Ra7+ {[%emt 0:00:07]} Kf8 {[%emt 0:00:19]} 68. Kg6 {[%emt 0:00:14]} Rg2 {[%emt 0:00:10]} 69. g5 {[%emt 0:00:16]} 1-0

[Event "Karpov Trophy XVI 2018"]
[Site "Cap d/^Agde"]
[Date "2018.11.03"]
[Round "9"]
[White "Pascal, Jonathan"]
[Black "Gautier, Nathan"]
[Result "0-1"]
[WhiteElo "1816"]
[BlackElo "1933"]
[Annotator "NA"]
[PlyCount "62"]
[EventDate "2018.10.27"]
[EventCountry "FRA"]
[SourceTitle "playchess.com"]
[Source "ChessBase"]
[SourceQuality "1"]
[TimeControl "5400+30"]

1. e4 {[%emt 0:00:00]} c5 {[%emt 0:00:22]} 2. Nf3 {[%emt 0:00:00]} e6 {[%emt 0:00:05]} 3. d4 {[%emt 0:00:00]} cxd4 {[%emt 0:00:04]} 4. Nxd4 {[%emt 0:00:00]} a6 {[%emt 0:00:05]} 5. Nc3 {[%emt 0:00:00]} Nc6 {[%emt 0:00:05]} 6. Nxc6 {[%emt 0:01:27]} bxc6 {[%emt 0:00:06]} 7. Bd3 {[%emt 0:00:25]} Qc7 {[%emt 0:02:50]} 8. O-O {[%emt 0:00:21]} d5 {[%emt 0:01:06] B46: Sizilianisch (Paulsen/Taimanow-Variante)} (8... Nf6 9. Qe2 d5 10. Bg5 Bb7 11. f4 h6 12. Bh4 Be7 13. Bg3 O-O 14. e5 Ne8 15. f5 exf5 16. Bxf5 Qb6+ 17. Kh1 g6 {1-0 (34) Wei,Y (2740)-Ivanchuk,V (2732) Hoogeveen 2017}) 9. Re1 {[%emt 0:05:20]} Bb7 {[%emt 0:07:26] LiveBook: 41 Games} 10. Qf3 {[%emt 0:17:51]} d4 {[%emt 0:04:49]} (10... Bd6 $11) 11. Ne2 {[%emt 0:01:26]} ({Better is} 11. Bf4 $16 e5 12. Nd5) 11... c5 {[%emt 0:01:25]} 12. Bc4 $146 {[%emt 0:11:06]} ({Vorgänger:} 12. c3 Bd6 13. cxd4 cxd4 14. Qh3 e5 15. Bd2 Ne7 16. f4 {0-1 (40) Jansa,V (2495)-Velikov,P (2470) Vrnjacka Banja 1982}) 12... Nf6 {[%emt 0:03:12]} 13. Ng3 {[%emt 0:12:30]} Bd6 {[%emt 0:05:45]} 14. Nh5 {[%emt 0:12:37]} (14. c3 $11) 14... Bxh2+ {[%emt 0:11:27]} 15. Kh1 {[%emt 0:05:08]} Nxh5 {[%emt 0:02:29]} 16. Qxh5 {[%emt 0:00:43]} Bd6 {[%emt 0:01:22]} 17. Bg5 $17 {[%emt 0:06:16]} O-O {[%emt 0:05:06]} 18. Rad1 {[%emt 0:02:56]} Be7 {[%emt 0:05:22]} 19. Bc1 {[%emt 0:16:31]} g6 {[%emt 0:04:12]} 20. Qg4 {[%emt 0:00:51]} e5 {[%emt 0:03:30]} 21. f4 {[%emt 0:01:05]} Kg7 {[%emt 0:20:24]} 22. f5 {[%emt 0:00:37]} Qd6 {[%emt 0:03:23]} 23. Rd3 {[%emt 0:00:53]} h5 {[%emt 0:01:15]} 24. Qe2 {[%emt 0:01:18]} g5 {[%emt 0:02:55]} 25. Kg1 {[%emt 0:01:09]} Qh6 {[%emt 0:05:15]} 26. Rh3 {[%emt 0:01:04]} Rh8 {[%emt 0:00:08]} 27. Kf2 {[%emt 0:00:43]} h4 {[%emt 0:02:15]} 28. Reh1 {[%emt 0:00:29]} Qh5 {[%emt 0:01:15]} 29. Qxh5 {[%emt 0:01:12]} Rxh5 {[%emt 0:00:01]} 30. Bd3 {[%emt 0:00:30]} g4 {[%emt 0:00:38]} 31. Rxh4 {[%emt 0:00:29]} Rxh4 {[%emt 0:00:28]} 0-1